000 00589nam a2200181 i 4500
001 109870
003 ES-MaACL
005 20230906184929.0
007 t|
008 061121s1960 sp f |||| | eng d
100 1 _aOnieva, Antonio J.
_987081
245 1 2 _aA new complete guide to the Prado Gallery /
_cAntonio J. Onieva ; translated by Patricia May O'Neill.
260 _aMadrid :
_bMayfe,
_c1960.
300 _a295 p. 25 lám. ;
_c17 cm.
610 2 _aMuseo Nacional del Prado-
_vGuías turísticas.
_9166678
700 1 _aO'Neill, Patricia May.
_986356
852 _aES-MaACL
_jE-2446
999 _c109870
_d109870